Schválili zbierku na pomoc obetiam povodní

Bibliographic Details
Main Author: Vagaský, Dušan (Author)
Format: Article
Language:Slovak
PhysicalDescription:Fotogr.
ISSN:0139-87681
Subjects:

MARC

LEADER 00000nab a2200000 a 4500
001 vtls010107293
003 SK-MaSNL
005 20260303080808.0
008 140402c2010 xo ||||||||||||00 b|slo
015 |a SNBRB2010/06  |2 snkbucl 
038 |a SNKBUCL 
040 |a SNKBUCL  |b slo  |c SNKBUCL  |e AACR2 
041 0 |a slo 
044 |a xo  |c SK 
080 |a 284.1(437.6):061.3  |2 2001 
100 1 |a Vagaský, Dušan  |4 aut  |9 484010 
245 1 0 |a Schválili zbierku na pomoc obetiam povodní  |c Dušan Vagaský 
300 |b Fotogr. 
610 2 7 |a Evanjelická cirkev a. v. na Slovensku.  |b Generálne presbyterstvo  |x zasadanie  |2 snkbucl  |9 1031877 
648 7 |a 4.6.2010  |2 snkbucl  |9 1083143 
651 7 |a Zvolen (Slovensko)  |2 snkbucl  |9 14595 
773 0 |t Evanjelický posol spod Tatier  |g Roč. 100, č. 25 (2010), s. 10  |x 0139-87681 
852 |a SNK  |b KIS3GCP 
958 |a NT 
999 |c 1782007  |d 1783937